000 00379nam a2200157Ia 4500
005 20240617105701.0
008 240331s9999 xx 000 0 und d
082 _bGAN
_a5822
100 _aGanesalingan, S
245 0 _aThai Veedu
_cS. ganeshalingan
260 _aChennai
_bKumaran Publishers
_c2001
300 _a232 p .,
650 _aGender
650 _afeminism
942 _cL
999 _c3908
_d3908